E73(岡山道・米子道)のIC - Statistics

General Stats
  • This quiz has been taken 45 times
  • The average score is 11 of 18
Answer Stats
岡山道 % Correct
IC 米子
94%
JCT 岡山
82%
PA 大山
76%
PA 総社
74%
SA 高梁
74%
JCT 落合
74%
IC 蒜山
74%
IC 久世
68%
SA 蒜山高原
62%
IC 江府
59%
IC 岡山総社
56%
IC 賀陽
56%
IC 溝口
56%
JCT 北房
53%
IC 有漢
50%
IC 湯原
50%
PA 上野
41%
SIC 大山高原
32%
No matching quizzes found
Score Distribution
Percent of People with Each Score
Percentile by Number Answered
Your Score History
You have not taken this quiz